000 00531nam a2200157 i 4500
001 149674
003 ES-MaACL
005 20230906203212.0
007 t|
008 071023s1932 sp ||||1| spa d
100 1 _aVasquez Hernández, Publio A.
_9113280
245 1 3 _aLa personalidad internacional de Panamá
_b: tesis presentada a consideración de la Facultad de Derecho de Madrid /
_cpor Publio A. Vasquez Hernández.
260 _aMadrid :
_bA. Marzo,
_c[1932?]
300 _a155 p. ;
_c24 cm.
852 _aES-MaACL
_jA-1493
999 _c149674
_d149674